Sur les chemins de la croyance. Première étape: L'utilisation du Positivisme

Guardat en:
Dades bibliogràfiques
Autor principal: Brunetière, Ferdinand (Autor)
Format: Llibre
Idioma:francès
Publicat: París Perrin et Cíe 1910
Edició:1a. ed
Matèries:
Etiquetes: Afegir etiqueta
Sense etiquetes, Sigues el primer a etiquetar aquest registre!

MARC

LEADER 00000nam a2200000 a 4500
001 UCJ3926
003 CL-VaPUC
008 070124e19100000FR |||||||||||||||||fre|d
082 0 4 |a 146.4  |b BRU  |2 21 
100 0 |a Brunetière, Ferdinand  |e author  |9 506518 
245 1 0 |a Sur les chemins de la croyance. Première étape: L'utilisation du Positivisme 
250 |a 1a. ed 
300 |a 312 p 
942 |c BK 
945 |d 20070124 00:00:00  |a rinostro 
260 |a París  |b Perrin et Cíe  |c 1910 
650 0 |a Positivismo  |9 269460 
650 0 |a Metafísica  |9 265649 
650 0 |a Religión   |9 255164 
650 0 |a Sociología   |9 255410 
650 0 |a Ética  |9 255099 
650 0 |a Esclavitud  |9 323605 
650 0 |a Ciencia  |9 255691 
583 |a last modification  |c 20070124 00:00:00  |k Rodrigo Vera 
999 |c 320045  |d 320043 
952 |0 0  |1 0  |4 0  |6 146_400000000000000_BRU_1910  |7 0  |8 X  |9 398499  |a FDOBUD  |b FDOBUD  |d 2019-11-22  |i 101059K  |o 146.4 BRU 1910  |p 101059K  |r 2019-11-22  |w 2019-11-22  |y BK_X  |k BUD